| 000 | 00438cam a22001692a 4500 | ||
|---|---|---|---|
| 001 | 002024 | ||
| 003 | AR-FADEU | ||
| 008 | 311216n1965####xxu####################dd | ||
| 092 |
_a361.1 _bC749 |
||
| 110 | _aAssociation nationale des assistantes sociales | ||
| 245 | _aMOUVEMENTS de population et servicice social | ||
| 260 | _aParis | ||
| 260 | _c1965 | ||
| 300 | _a133 p | ||
| 650 | _aPOBLACION-FRANCIA; MIGRACIONES | ||
| 942 | _cBDGR | ||
| 999 |
_c7859 _d7859 |
||